000
00318 a2200109 4500
001
ART_12069
005
20260410161903.0
008
260409a
245
1
0
_a
The lag structure of option price
100
1
_a
kassouf, S.T.
773
0
_t
Journal of econometrics
_g
- Vol. 4, NÂș 4 (nov. 1976)
_w
REV11720
999
_c
26064
_d
26064